Cómo escribir la historia del nuevo mundo: Historiografías, epistemologías e identidades en el mundo del Atlántico del siglo XVIII.

Saved in:
Bibliographic Details
Main Author: Cañizares Esguerra, Jorge (autor)
Format: Book
Language:Spanish
Published: Ciudad de México, México: Fondo de Cultura Económica, 2007.
Edition:1a. edición.
Series:Obras de Historia.
Subjects:
Tags: Add Tag
No Tags, Be the first to tag this record!

MARC

LEADER 00000nam a2200000 a 4500
001 UCG2736
003 CL-VaPUC
005 20240820103628.0
008 100723t20070000MX |||||||||||||||||spa|d
020 |a 9789681680213 
040 |c Pontificia Universidad Católica de Valparaíso 
082 0 7 |a 907.2 CAÑ 2007  |2 22 
100 0 |a Cañizares Esguerra, Jorge  |e autor  |9 551320 
245 1 0 |a Cómo escribir la historia del nuevo mundo:   |b Historiografías, epistemologías e identidades en el mundo del Atlántico del siglo XVIII. 
250 |a 1a. edición. 
260 |a Ciudad de México, México:  |b Fondo de Cultura Económica,  |c 2007. 
300 |a 638 páginas. 
490 0 |a Obras de Historia. 
583 |a last modification  |c 20160826 12:52:37  |k Rodrigo Vera 
650 0 |a Historia de américa siglo 18  |9 362785 
650 0 |a Historiografía   |9 257871 
651 0 |a América Latina   |9 255027 
942 |c BK  |2 ddc 
945 |d 20100723 00:00:00  |a mfarfan 
999 |c 341862  |d 341860 
952 |0 0  |1 0  |4 0  |6 907_200000000000000_CAÑ_2007  |7 0  |8 A  |9 437661  |a BIBHIS  |b BIBHIS  |d 2019-11-22  |i 4697480  |l 1  |o 907.2 CAÑ 2007  |p 4697480  |r 2025-01-20  |s 2024-11-12  |w 2019-11-22  |y BK  |k HIS